| 000 | 00510nam a22001937a 4500 | ||
|---|---|---|---|
| 003 | NUST - PNEC | ||
| 005 | 20170116180822.0 | ||
| 008 | 150623b xxu||||| |||| 00| 0 eng d | ||
| 020 | _a0070400350 | ||
| 040 | _cLIBRARY | ||
| 082 | _a512.02 MAL | ||
| 100 |
_94165 _aMalik, D.S. |
||
| 245 |
_aFundamentals of abstract algebra _cD.S. Malik |
||
| 250 | _a- | ||
| 260 |
_aNew York _bThe mcGraw-Hill companies, Inc. _cc1997. |
||
| 300 | _a636 p. : | ||
| 650 |
_94166 _aAlgebra, Abstract _xAS |
||
| 942 |
_2ddc _cBK |
||
| 999 |
_c63771 _d63771 |
||